000 00698 am a22002173 4500
001 013078986
003 Uk
005 20170619150138.0
008 690917s1969 enk | 000 | eng
015 _aGB6928305
_2bnb
020 _a090187700X (pbk) :
_c50/-
040 _aUk
_cUk
082 0 4 _a496.925
_218
100 1 _aMaw, Joan,
_d1927-
245 1 0 _aSentences in Swahili :
_ba study of their internal relationships /
_cby Joan Maw.
260 _aLondon :
_bUniversity of London School of Oriental and African Studies,
_c1969.
300 _a142 p. ;
_c25 cm.
650 0 _aSwahili language
_xSentences.
710 2 _aUniversity of London.
_bSchool of Oriental and African Studies.
942 _2ddc
999 _c63673
_d63647